00666nam a2200193 a 450000100100000000500170001000800410002702000150006804000250008308200150010810000190012324501430014226000380028530000210032350000270034450000340037153400450040570000220045000002315720200930022027.0101129s1980 mx r 000 | spa d a9682309131 aDO-SdBNPbspacBNPHU axxxbR643c1 aRoberts, Bryan10aCiudades de campesinos :bla economía política de la urbanización en el tercer mundo /cBryan Roberts ; traducción de Martí Mur. aMexico :bSiglo Veintiuno,c1980. a303 p. ;c21 cm. aIncluye bibliografía aIncluye índice alfabético aTítulo original :tCities of peasants.1 aMur, Martíetr.